| 000 | 00629cam a2200229u 4500 | ||
|---|---|---|---|
| 001 | 30520 | ||
| 003 | BD-RjUL | ||
| 005 | 20211209051557.0 | ||
| 008 | 140410s1965 ch 000 0 eng d | ||
| 035 | _a(BD-RjUL) | ||
| 040 |
_aDLC _cCarP _dDLC _dBD-RjUL _beng |
||
| 041 | _aeng | ||
| 082 | 0 | 4 |
_a181.115 _bTSM 1965 |
| 100 | 1 |
_aTseu, Augustinus A. _992730 |
|
| 245 | 1 | 4 |
_aThe moral philosophy of Mo-tze / _cby Augustinus A. Tseu |
| 260 |
_aChina : _bChina Printing _cc1965. |
||
| 300 |
_a407 p. ; _c22 cm. |
||
| 600 | 1 | 0 |
_aMo, Di, _dactive 400 B.C. _992731 |
| 942 |
_2ddc _cBK |
||
| 999 |
_c30520 _d30520 |
||